[Köszöntő az emlékülés bevezetője] /
Elmentve itt :
| Szerző: | |
|---|---|
| Testületi szerző: | |
| Dokumentumtípus: | Könyv része |
| Megjelent: |
1976
|
| Sorozat: | A Szegedi József Attila Tudományegyetem Állam- és Jogtudományi Kar Mezőgazdasági és Munkajogi Tanszékének Kiadványai
1 25 éves a mezőgazdasági jog oktatása a tudományegyetemeken : [emlékülés], Szeged, 1976. március 29-30. 1 |
| Kulcsszavak: | Mezőgazdasági jog, Jogászképzés - Magyarország - köszöntő |
| Tárgyszavak: | |
| Online Access: | http://acta.bibl.u-szeged.hu/44575 |
| LEADER | 01019naa a2200217 i 4500 | ||
|---|---|---|---|
| 001 | acta44575 | ||
| 005 | 20211129160455.0 | ||
| 008 | 170425s1976 hu o 0|| hun d | ||
| 040 | |a SZTE Egyetemi Kiadványok Repozitórium |b hun | ||
| 041 | |a hun | ||
| 100 | 1 | |a Balázs József | |
| 245 | 1 | 0 | |a [Köszöntő |h [elektronikus dokumentum] : |b az emlékülés bevezetője] / |c Balázs József |
| 260 | |c 1976 | ||
| 300 | |a 2-6 | ||
| 490 | 0 | |a A Szegedi József Attila Tudományegyetem Állam- és Jogtudományi Kar Mezőgazdasági és Munkajogi Tanszékének Kiadványai |v 1 | |
| 490 | 0 | |a 25 éves a mezőgazdasági jog oktatása a tudományegyetemeken : [emlékülés], Szeged, 1976. március 29-30. |v 1 | |
| 650 | 4 | |a Társadalomtudományok | |
| 650 | 4 | |a Jogtudomány | |
| 695 | |a Mezőgazdasági jog, Jogászképzés - Magyarország - köszöntő | ||
| 710 | |a 25 éves a mezőgazdasági jog oktatása a tudományegyetemeken (1976) (Szeged) | ||
| 856 | 4 | 0 | |u http://acta.bibl.u-szeged.hu/44575/1/mezgazjog_001_002-006.pdf |z Dokumentum-elérés |